The housing report (Record no. 114739)

MARC details
000 -LEADER
fixed length control field 01617cad a22002415a 4500
001 - CONTROL NUMBER
control field L157378
008 - FIXED-LENGTH DATA ELEMENTS--GENERAL INFORMATION
fixed length control field 121119s2012 xxk f 000 0 eng d
035 ## - SYSTEM CONTROL NUMBER
System control number (Sirsi) u157378
041 0# - LANGUAGE CODE
Language code of text/sound track or separate title eng
110 2# - MAIN ENTRY--CORPORATE NAME
Corporate name or jurisdiction name as entry element Chartered Institute of Housing
9 (RLIN) 2394
245 04 - TITLE STATEMENT
Title The housing report
Remainder of title Edition 3 November 2012
Medium [electronic resource]
260 ## - PUBLICATION, DISTRIBUTION, ETC.
Place of publication, distribution, etc. London
Name of publisher, distributor, etc. CIH
-- NHF
-- Shelter
Date of publication, distribution, etc. 2012
505 2# - FORMATTED CONTENTS NOTE
Formatted contents note Introduction --Summary of findings -- Housing Supply -- Planning -- Overcrowding -- Homelessness -- Evictions, repossessions and arrears -- Help with housing costs -- Empty homes -- Mobility -- Affordability of private rented sector -- Homeownership -- Conclusions -- Appendix
520 ## - SUMMARY, ETC.
Summary, etc. A mid term review of the Coalition Government's housing policy is highly critical of its efforts to reduce overcrowding, homelessness, assistance with social housing costs and affordability issues in private rented sector due to soaring rents. Notes evictions, repossessions and arrears are down and additional funding is available to bring empty homes back into occupancy. Some progress is being made to improve housing supply, simplify planning procedures and make home ownership a reality rather than a dream. Uses a green, amber and red traffic light system to measure progress.
590 ## - LOCAL NOTE (RLIN)
Local note KA
651 #4 - SUBJECT ADDED ENTRY--GEOGRAPHIC NAME
Geographic name England and Wales
Chronological subdivision 1543-
690 ## - LOCAL SUBJECT ADDED ENTRY--TOPICAL TERM (OCLC, RLIN)
Topical term or geographic name as entry element Residential property
9 (RLIN) 6266
690 ## - LOCAL SUBJECT ADDED ENTRY--TOPICAL TERM (OCLC, RLIN)
Topical term or geographic name as entry element Affordable housing
9 (RLIN) 6215
710 1# - ADDED ENTRY--CORPORATE NAME
Corporate name or jurisdiction name as entry element National Housing Federation
9 (RLIN) 695
710 1# - ADDED ENTRY--CORPORATE NAME
Corporate name or jurisdiction name as entry element Shelter
9 (RLIN) 2788
856 40 - ELECTRONIC LOCATION AND ACCESS
Uniform Resource Identifier <a href="https://www.housing.org.uk/pdf/Housing%20Report%203.pdf">https://www.housing.org.uk/pdf/Housing%20Report%203.pdf</a>
Public note View the item free of charge at www.cih.org
942 ## - ADDED ENTRY ELEMENTS (KOHA)
Suppress in OPAC 0
Holdings
Withdrawn status Lost status Source of classification or shelving scheme Damaged status Not for loan Home library Current library Shelving location Date acquired Total Checkouts Full call number Barcode Date last seen Copy number Price effective from Koha item type
    Dewey Decimal Classification     Virtual Virtual Online 19/11/2012   ONLINE PUBLICATION 157378-2001 06/08/2019 1 06/08/2019 Book